000 004600000a22001810004500
003 LK-CoMWRAF
008 230817t ||||| |||| 00| 0 eng d
040 _aLK-CoMWRAF
_dLK-CoMWRAF
_eLK-CoMWRAF
041 _aeng
082 _a750
_bMOH
100 _aMohan, Vasundhara
245 _aIdentity crisis of Sri Lankan Muslims
_b
260 _aDelhi
_bMittal Publications
300 _ap.163
500 _abBibliography
_iIndex
650 _amuslims
942 _cBK
999 _c2617
_d2617